Učitavanje...
Statistical Tools for Managers : Using MS Excel
| Glavni autor: | |
|---|---|
| Format: | Printed Book |
| Jezik: | Undetermined |
| Izdano: |
New Delhi
Excel Books
2009
|
| Teme: |
| LEADER | 00533nam a2200157Ia 4500 | ||
|---|---|---|---|
| 008 | 140316s9999 xx 000 0 und d | ||
| 020 | |a 9788174466976 | ||
| 082 | |a 519 |b APT/ST | ||
| 100 | |a Apte,D P | ||
| 245 | |a Statistical Tools for Managers : Using MS Excel | ||
| 260 | |a New Delhi |b Excel Books |c 2009 | ||
| 300 | |a 688 | ||
| 650 | |a ANOVA | ||
| 942 | |2 ddc |c BK |0 1 | ||
| 999 | |c 9385 |d 9385 | ||
| 952 | |0 0 |1 0 |2 ddc |4 0 |6 519_000000000000000_APTST |7 0 |9 10576 |a KAUCLV |b KAUCLV |c GENERAL |d 2014-03-18 |l 3 |o 519 APT/ST |p 217726 |r 2016-02-03 |s 2016-01-27 |w 2014-03-18 |y BK | ||